Zdobywcy złotej piłki 1956-2018 - Statystyki

Ogólne statystyki
  • Ten quiz został rozwiązany 972 razy
  • Średni wynik to 28 z 63
Statystyki odpowiedzi
rok Odpowiedź % Poprawnych
2008 Cristiano Ronaldo
99%
2013 Cristiano Ronaldo
99%
2014 Cristiano Ronaldo
99%
2016 Cristiano Ronaldo
99%
2017 Cristiano Ronaldo
99%
2009 Lionel Messi
99%
2010 Lionel Messi
99%
2011 Lionel Messi
99%
2012 Lionel Messi
99%
2015 Lionel Messi
99%
1997 Ronaldo
98%
2002 Ronaldo
98%
2018 Luka Modrić
91%
2007 Kaká
84%
2005 Ronaldinho
81%
1998 Zinédine Zidane
66%
2006 Fabio Cannavaro
65%
1999 Rivaldo
54%
1963 Lew Jaszyn
51%
2000 Luís Figo
47%
1972 Franz Beckenbauer
45%
1976 Franz Beckenbauer
45%
1988 Marco van Basten
45%
1989 Marco van Basten
45%
1992 Marco van Basten
45%
2001 Michael Owen
44%
2004 Andrij Szewczenko
43%
1987 Ruud Gullit
43%
1957 Alfredo Di Stéfano
40%
1959 Alfredo Di Stéfano
40%
1983 Michel Platini
39%
1984 Michel Platini
39%
1985 Michel Platini
39%
2003 Pavel Nedvěd
39%
1970 Gerd Müller
38%
1968 George Best
34%
1965 Eusebio
33%
1995 George Weah
32%
1990 Lothar Matthäus
29%
1993 Roberto Baggio
28%
1994 Christo Stoiczkow
26%
1960 Luis Suárez
22%
1971 Johan Cruijff
20%
1973 Johan Cruijff
20%
1974 Johan Cruijff
20%
1966 Bobby Charlton
18%
1991 Jean-Pierre Papin
16%
1958 Raymond Kopa
16%
1982 Paolo Rossi
15%
1996 Matthias Sammer
14%
1980 Karl-Heinz Rummenigge
13%
1981 Karl-Heinz Rummenigge
13%
1956 Stanley Matthews
13%
1978 Kevin Keegan
10%
1979 Kevin Keegan
10%
1964 Denis Law
8%
1986 Ihor Biełanow
7%
1975 Ołeh Błochin
7%
1977 Allan Simonsen
6%
1967 Flórián Albert
6%
1969 Gianni Rivera
6%
1962 Josef Masopust
6%
1961 Omar Sívori
5%
Nie znaleziono quizów pasujących do podanych kryteriów
Rozkład punktacji
Procent ludzi z każdym wynikiem
Percentyl według liczby udzielonych odpowiedzi
Twoja historia wyników
Nie rozwiązałeś tego quizu